Environmental remote sensing from regional to global scales (Record no. 104956)

MARC details
000 -LEADER
fixed length control field 00741cam a2200205 4500
001 - CONTROL NUMBER
control field ##L132001
008 - FIXED-LENGTH DATA ELEMENTS--GENERAL INFORMATION
fixed length control field 051220n1994 000 0 eng u
020 ## - INTERNATIONAL STANDARD BOOK NUMBER
International Standard Book Number 0471944343
035 ## - SYSTEM CONTROL NUMBER
System control number (Sirsi) u132001
041 0# - LANGUAGE CODE
Language code of text/sound track or separate title eng
050 04 - LIBRARY OF CONGRESS CALL NUMBER
Classification number 526.982 $2 18
-- 628 $2 20
245 00 - TITLE STATEMENT
Title Environmental remote sensing from regional to global scales
260 ## - PUBLICATION, DISTRIBUTION, ETC.
Place of publication, distribution, etc. Chichester
Name of publisher, distributor, etc. John Wiley
Date of publication, distribution, etc. 1994
300 ## - PHYSICAL DESCRIPTION
Extent xii, 238p.
Dimensions 25cm.
520 ## - SUMMARY, ETC.
Summary, etc. Collection of papers demonstrating the power and flexibility of environmental remote sensing techniques in a variety of contexts and scales.
690 ## - LOCAL SUBJECT ADDED ENTRY--TOPICAL TERM (OCLC, RLIN)
Topical term or geographic name as entry element ENVIRONMENTAL AND LAND CONSULTANCY-GEOMATICS-PHOTOGRAMMETRY AND REMOTE SENSING
700 1# - ADDED ENTRY--PERSONAL NAME
Personal name Foody, Giles M.
700 1# - ADDED ENTRY--PERSONAL NAME
Personal name Curran, Paul J.
942 ## - ADDED ENTRY ELEMENTS (KOHA)
Suppress in OPAC 0
Holdings
Withdrawn status Lost status Source of classification or shelving scheme Damaged status Not for loan Home library Current library Shelving location Date acquired Total Checkouts Full call number Barcode Date last seen Copy number Price effective from Koha item type
    Dewey Decimal Classification     London London Books 20/12/2005   526.982 FOO 30071719 06/08/2019 1 06/08/2019 Book